000 00498nam a22001817a 4500
005 20240109135710.0
008 190603b xxu||||| |||| 00| 0 eng d
020 _a978-93-86700-14-8
041 _aeng
082 _a615.19
100 _aGUPTA, Dr. G.D , SHARMA Dr. SHAILESH AND SINGH, SATVIR
_98344
245 _aPRACTICAL MANUAL OF PHARMACEUTICAL CHEMISTRY - II
250 _a3rd Ed. 2019
260 _aPUNE
_bNIRALI PRAKASHAN
300 _a68p,
650 _aPHARMACY
_xB.PHARMA
942 _cBK
999 _c5916
_d5914